North Sea, Irish Sea, or Baltic Sea? - Statistics

General Stats
  • This quiz has been taken 12 times
    9 since last reset
  • The average score is 12 of 19
Answer Stats
Hint Answer % Correct
Ireland Irish Sea
88%
Switzerland None
88%
Poland Baltic Sea
75%
Finland Baltic Sea
75%
Estonia Baltic Sea
75%
Latvia Baltic Sea
75%
Lithuania Baltic Sea
75%
Czech Republic None
75%
Belgium North Sea
75%
Denmark North Sea AND Baltic Sea
75%
United Kingdom North Sea AND Irish Sea
75%
Belarus None
63%
Germany North Sea AND Baltic Sea
63%
France North Sea
50%
Netherlands North Sea
50%
Russia Baltic Sea
38%
Iceland None
38%
Norway North Sea
38%
Sweden North Sea AND Baltic Sea
13%
No matching quizzes found
Score Distribution
Percent of People with Each Score
Percentile by Number Answered
Your Score History
You have not taken this quiz since the last reset